000 00733nam a2200241Ia 4500
003 OSt
005 20220923224344.0
006 a|||||r|||| 00| 0
007 ta
008 220922b |||||||| |||| 00| 0 hin d
024 _a231,572
037 _cTextual
040 _aARTS
_cARTS
_bhin
041 _2hin
_ahin
082 _aP153, 152K8
100 _aबाहरी, सीताराम
_9156279
245 0 _aपंजाबी सीखिए
246 _aPanjābī sīkhie
260 _aपटियाला
_b पंजाबी युनिवर्सिटी
_c1968
300 _a215is
_ccm.
942 _hP153, 152K8
_cTEXL
_2CC
999 _c370917
_d370917